Dự án và kế hoạch kinh doanh : Từ ý tưởng đến văn bản hoàn chỉnh (Sách tham khảo) /

Đã lưu trong:
Bibliografiske detaljer
Hovedforfatter: Không rõ
Format: Bog
Sprog:Vietnamese
Udgivet: Chính trị quốc gia 2001
Tags: Tilføj Tag
Ingen Tags, Vær først til at tagge denne postø!
Thư viện lưu trữ: Mạng thư viện Đại học Đà Nẵng
LEADER 00752nam a2200265 4500
001 000027286
003 DƯ-AZ
005 20150403120000.0
008 150403s vm 000 vie
020 |c 0,0000 
040 |a notts 
100 |a Không rõ 
245 |a Dự án và kế hoạch kinh doanh : Từ ý tưởng đến văn bản hoàn chỉnh (Sách tham khảo) /  |c Đỗ Minh Cương, Đỗ Huy Khánh, Vũ Quốc Ngữ biên soạn. 
260 |b Chính trị quốc gia  |c 2001 
OWN |a LTT 
999 |a From the UDN01 
TYP |a Monograph 
TYP |a Printed language 
980 |a Mạng thư viện Đại học Đà Nẵng